| 000 | 00497cam a2200181ua 4500 | ||
|---|---|---|---|
| 003 | OSt | ||
| 008 | 250423b |||||||| |||| 00| 0 eng d | ||
| 020 | _a818559452 | ||
| 082 |
_a624.1517 _bRAN/SU |
||
| 100 | _aRangwala, S C. | ||
| 100 | _aRangwala, P.S. | ||
| 245 |
_aSurveying and levelling / _b[A Text-Book for Engineering Students] |
||
| 250 | _a3 / 4 | ||
| 260 |
_aAnand : _bCharotar Publishing House , _c1991,2005 |
||
| 300 | _a780 ; . | ||
| 500 | _a18320, 17952,17953- CSS | ||
| 942 | _cBK | ||
| 999 |
_c7210 _d7210 |
||